<?xml version="1.0" encoding="UTF-8"?>
<record
    xmlns:xsi="http://www.w3.org/2001/XMLSchema-instance"
    xsi:schemaLocation="http://www.loc.gov/MARC21/slim http://www.loc.gov/standards/marcxml/schema/MARC21slim.xsd"
    xmlns="http://www.loc.gov/MARC21/slim">

  <leader>01170nam a22002657a 4500</leader>
  <controlfield tag="005">20170124102921.0</controlfield>
  <datafield tag="010" ind1=" " ind2=" ">
    <subfield code="a">B-071012</subfield>
  </datafield>
  <datafield tag="020" ind1=" " ind2=" ">
    <subfield code="c">100.00</subfield>
    <subfield code="a">8185244677</subfield>
  </datafield>
  <datafield tag="035" ind1=" " ind2=" ">
    <subfield code="a">B-071012</subfield>
  </datafield>
  <datafield tag="037" ind1=" " ind2=" ">
    <subfield code="b">Cen Lib/Ret</subfield>
  </datafield>
  <datafield tag="040" ind1=" " ind2=" ">
    <subfield code="a">DPL</subfield>
    <subfield code="b">HN</subfield>
  </datafield>
  <datafield tag="082" ind1=" " ind2=" ">
    <subfield code="a">313.03</subfield>
  </datafield>
  <datafield tag="100" ind1=" " ind2=" ">
    <subfield code="a">&#x915;&#x94C;&#x936;&#x93F;&#x915;, &#x91C;&#x92F; &#x928;&#x93E;&#x930;&#x93E;&#x92F;&#x923; </subfield>
    <subfield code="9">43705</subfield>
  </datafield>
  <datafield tag="245" ind1=" " ind2=" ">
    <subfield code="a">&#x939;&#x92E;&#x93E;&#x930;&#x947; &#x924;&#x940;&#x91C; &#x924;&#x94D;&#x92F;&#x94C;&#x939;&#x93E;&#x930; &#x914;&#x930; &#x92E;&#x947;&#x932;&#x947; /</subfield>
    <subfield code="c">&#x91C;&#x92F; &#x928;&#x93E;&#x930;&#x93E;&#x92F;&#x923; &#x915;&#x94C;&#x936;&#x93F;&#x915;</subfield>
  </datafield>
  <datafield tag="246" ind1=" " ind2=" ">
    <subfield code="a">Hamare teej tyohar aur mele</subfield>
    <subfield code="b">by Jai Narayan Kaushik</subfield>
  </datafield>
  <datafield tag="260" ind1=" " ind2=" ">
    <subfield code="a">&#x928;&#x92F;&#x940; &#x926;&#x93F;&#x932;&#x94D;&#x932;&#x940;</subfield>
    <subfield code="b">&#x939;&#x93F;&#x902;&#x926;&#x940; &#x92C;&#x941;&#x915; &#x938;&#x947;&#x902;&#x91F;&#x930;</subfield>
    <subfield code="c">2002</subfield>
  </datafield>
  <datafield tag="270" ind1=" " ind2=" ">
    <subfield code="a">4/5 &#x92C;&#x940;, &#x906;&#x938;&#x92B; &#x905;&#x932;&#x940; &#x930;&#x94B;&#x921;</subfield>
    <subfield code="b">&#x928;&#x92F;&#x940; &#x926;&#x93F;&#x932;&#x94D;&#x932;&#x940;</subfield>
    <subfield code="e">110002</subfield>
  </datafield>
  <datafield tag="300" ind1=" " ind2=" ">
    <subfield code="a">110&#x92A;&#x943;.</subfield>
    <subfield code="c">21&#x938;&#x947;&#x92E;&#x940;(&#x938;&#x91C;&#x93F;&#x932;&#x94D;&#x926;)</subfield>
  </datafield>
  <datafield tag="500" ind1=" " ind2=" ">
    <subfield code="a">&#x938;&#x928;&#x94D;&#x926;&#x930;&#x94D;&#x92D; &#x92D;&#x940; &#x936;&#x93E;&#x92E;&#x93F;&#x932;</subfield>
  </datafield>
  <datafield tag="650" ind1=" " ind2=" ">
    <subfield code="a">&#x92D;&#x93E;&#x930;&#x924;&#x940;&#x92F; &#x938;&#x902;&#x938;&#x94D;&#x915;&#x943;&#x924;&#x93F;</subfield>
    <subfield code="9">137984</subfield>
  </datafield>
  <datafield tag="650" ind1=" " ind2=" ">
    <subfield code="a">&#x92D;&#x93E;&#x930;&#x924;&#x940;&#x92F; &#x938;&#x902;&#x938;&#x94D;&#x915;&#x943;&#x924;&#x93F;</subfield>
    <subfield code="x">&#x924;&#x940;&#x91C; &#x90F;&#x935;&#x902; &#x924;&#x94D;&#x92F;&#x94C;&#x939;&#x93E;&#x930;</subfield>
    <subfield code="9">137985</subfield>
  </datafield>
  <datafield tag="650" ind1=" " ind2=" ">
    <subfield code="a">Indian culture</subfield>
    <subfield code="9">3853</subfield>
  </datafield>
  <datafield tag="650" ind1=" " ind2=" ">
    <subfield code="a">Indian culture</subfield>
    <subfield code="x">Fairs and festivals</subfield>
    <subfield code="9">137986</subfield>
  </datafield>
  <datafield tag="942" ind1=" " ind2=" ">
    <subfield code="2">ddc</subfield>
    <subfield code="c">HN</subfield>
    <subfield code="h">313.03</subfield>
    <subfield code="m">&#x915;&#x94C;&#x936;&#x93F;&#x915;</subfield>
  </datafield>
  <datafield tag="999" ind1=" " ind2=" ">
    <subfield code="c">111295</subfield>
    <subfield code="d">111295</subfield>
  </datafield>
  <datafield tag="952" ind1=" " ind2=" ">
    <subfield code="0">0</subfield>
    <subfield code="1">0</subfield>
    <subfield code="4">0</subfield>
    <subfield code="7">1</subfield>
    <subfield code="8">REF</subfield>
    <subfield code="a">L</subfield>
    <subfield code="b">L</subfield>
    <subfield code="d">2015-05-23</subfield>
    <subfield code="e">Cen Lib/Ret</subfield>
    <subfield code="g">100.00</subfield>
    <subfield code="l">0</subfield>
    <subfield code="o">313.03 &#x915;&#x94C;&#x936;&#x93F;&#x915;</subfield>
    <subfield code="p">B-071012</subfield>
    <subfield code="r">2015-05-23 00:00:00</subfield>
    <subfield code="t">1</subfield>
    <subfield code="v">100.00</subfield>
    <subfield code="w">2016-09-15</subfield>
    <subfield code="y">HN</subfield>
  </datafield>
</record>
